000 00647nam a2200229Ia 4500
005 20260429112110.0
008 260429s9999||||xx |||||||||||||| ||und||
020 _a9781638221265
041 _aEnglish
082 _a612.8
_bDUN
100 _aDunn, Winnie
245 0 _aNeuroscience of everyday life :
_ban applied guide for health sciences students /
_cWinnie Dunn
250 _a1st ed.
260 _aNew York :
_bRoutledge,
_c2025.
300 _axv, 343 p.; pbk
650 _a Health science
650 _aNeuroscience
700 _a Nilsen, Dawn M.
700 _a Richards, Lorie Gage
700 _a Wolf, Timothy J.
942 _cTB
999 _c52342
_d52342